| 000 | 01193nam a2200301 i 4500 | ||
|---|---|---|---|
| 003 | DO-SdBNP | ||
| 005 | 20250404141200.0 | ||
| 007 | ta | ||
| 008 | 250404b2023 dr ac||| |||| 00| 0 spa d | ||
| 020 | _a9789945919622 | ||
| 040 |
_aDO-SdBNP _bspa _cBNPHU _erda |
||
| 082 | 4 |
_axxx _bxxx _222 |
|
| 245 | 0 | 0 |
_aAlmas latentes II / _cFernando Báez Guerrero, Federico Fondeur, Mildred Canahuate, Laura Gil Fiallo, Abil Peralta Agüero ; coordinación editorial, María Elena Ditrén Flores ; edición y corrección, Rafael J. Rodríguez Pérez |
| 264 | 1 |
_aSanto Domingo : _bMuseo de Arte Moderno, _c2023. |
|
| 300 |
_a249 páginas : _bilustraciones, retratos ; _c23 cm. |
||
| 336 |
_atexto _btxt _2rdacontent |
||
| 337 |
_asin mediación _bn _2rdamedia |
||
| 338 |
_avolumen _bnc _2rdacarrier |
||
| 490 | _aColección Báez Tavárez | ||
| 590 | _aInventariado, 2025/BT | ||
| 700 | 1 |
_aBáez Guerrero, Fernando, _eautor _4aut. _987350 |
|
| 700 | 1 |
_aFondeur, Federico, _eautor _4aut. _987351 |
|
| 700 | 1 |
_aCanahuate, Mildred, _eautor _4aut. _955020 |
|
| 700 | 1 |
_aGil Fiallo, Laura, _eautor _4aut. _926642 |
|
| 700 | 1 |
_aPeralta Agüero, Abil, _eautor _4aut. _926618 |
|
| 910 | _aBtavárez | ||
| 942 |
_2ddc _cLBS1 |
||
| 999 |
_c58621 _d58621 |
||